[Event "Munich-ch MK"]
[Site "Munich"]
[Date "2001.??.??"]
[Round "?"]
[White "Meltser, Valentin"]
[Black "Reich, Thomas"]
[Result "0-1"]
[WhiteElo "1930"]
[BlackElo "2335"]
[PlyCount "60"]
[EventDate "2001.??.??"]
[EventType "tourn"]
[EventRounds "9"]
[EventCountry "GER"]
[SourceTitle "EXT 2006"]
[Source "ChessBase"]
[SourceDate "2005.11.24"]
[SourceVersion "1"]
[SourceVersionDate "2005.11.24"]
[SourceQuality "1"]

1. e4 c5 2. Nf3 Nc6 3. d4 cxd4 4. Nxd4 g6 5. Be3 Nf6 6. Nc3 Bg7 7. Bc4 0-0 8. Bb3 d6 9. f3 Bd7 10. Qd2 Rc8 11. 0-0-0 Ne5 12. h4 Nc4 13. Bxc4 Rxc4 14. g4 Qa5 15. Kb1 Rfc8 16. Nb3 Qe5 17. Bf4 Qe6 18. h5 b5 19. a3 b4 20. axb4 Rxb4 21. Nd5 Nxd5 22. exd5 Qf6 23. c3 Rxb3 24. Ka2 Rb6 25. Be3 Ra6+ 26. Kb1 Qxf3 27. hxg6 Qe4+ 28. Qd3 Qxd3+ 29. Rxd3 fxg6 30. Bg5 Bxg4 0-1

[Event "Munich-ch MK"]
[Site "Munich"]
[Date "2001.??.??"]
[Round "?"]
[White "Meltser, Valentin"]
[Black "Schelle, Artur"]
[Result "0-1"]
[WhiteElo "1930"]
[BlackElo "2175"]
[PlyCount "160"]
[EventDate "2001.??.??"]
[EventType "tourn"]
[EventRounds "9"]
[EventCountry "GER"]
[SourceTitle "EXT 2006"]
[Source "ChessBase"]
[SourceDate "2005.11.24"]
[SourceVersion "1"]
[SourceVersionDate "2005.11.24"]
[SourceQuality "1"]

1. e4 c5 2. Nf3 Nc6 3. d4 cxd4 4. Nxd4 Nf6 5. Nc3 d6 6. Bc4 Qb6 7. Nb3 Bg4 8. f3 Bd7 9. Qe2 e6 10. Be3 Qc7 11. 0-0-0 a6 12. g4 b5 13. Bd3 Be7 14. g5 Nh5 15. f4 g6 16. f5 Ne5 17. f6 Bd8 18. a3 h6 19. Rhf1 Qb7 20. Qf2 hxg5 21. Bxg5 Bb6 22. Qe2 0-0-0 23. Kb1 Kb8 24. Rd2 Rc8 25. Qd1 Bc6 26. Be2 Bc7 27. Rd4 Rcd8 28. Ka2 Ka8 29. Ka1 Qb8 30. Ka2 Rd7 31. Ka1 Bb6 32. Rd2 Nc4 33. Bxc4 bxc4 34. Nd4 Qb7 35. Nxc6 Qxc6 36. Qf3 Rb8 37. Na2 a5 38. Be3 Bd8 39. e5 Qxf3 40. Rxf3 Rb5 41. exd6 Bxf6 42. Nc3 Bxc3 43. bxc3 f6 44. a4 Re5 45. Bb6 Kb7 46. Bc7 Rc5 47. Rd1 e5 48. Rb1+ Kc6 49. Rff1 Nf4 50. Rb6+ Kd5 51. Rd1+ Ke6 52. Rg1 Nd5 53. Ra6 g5 54. Bxa5 Rxd6 55. Rxd6+ Kxd6 56. Bb4 Nxb4 57. cxb4 Rd5 58. Kb2 Rd2 59. Rh1 e4 60. Kc3 Rf2 61. Rd1+ Ke5 62. b5 e3 63. Re1 Rf3 64. Kxc4 Rf4+ 65. Kb3 Re4 66. b6 Kd6 67. a5 Kc5 68. c3 Kc6 69. c4 f5 70. Kc3 f4 71. Rb1 Re7 72. a6 f3 73. a7 Kb7 74. c5 Re6 75. Ra1 Re8 76. c6+ Kxc6 77. a8Q+ Rxa8 78. Rxa8 f2 79. Rf8 e2 80. Rf6+ Kb7 0-1

[Event "Munich-ch MK"]
[Site "Munich"]
[Date "2001.??.??"]
[Round "?"]
[White "Schmitzer, Peter"]
[Black "Meltser, Valentin"]
[Result "1/2-1/2"]
[WhiteElo "1970"]
[BlackElo "1930"]
[PlyCount "42"]
[EventDate "2001.??.??"]
[EventType "tourn"]
[EventRounds "9"]
[EventCountry "GER"]
[SourceTitle "EXT 2006"]
[Source "ChessBase"]
[SourceDate "2005.11.24"]
[SourceVersion "1"]
[SourceVersionDate "2005.11.24"]
[SourceQuality "1"]

1. d4 c5 2. d5 e5 3. e4 d6 4. Be2 g6 5. Nf3 Nf6 6. Nc3 Bg7 7. h3 0-0 8. Be3 Na6 9. Qd2 Nc7 10. Bg5 Qe8 11. a4 b6 12. Nh2 a6 13. Bg4 Nd7 14. Bh6 f6 15. Bxg7 Kxg7 16. Qh6+ Kg8 17. h4 Qf7 18. Qd2 Qg7 19. Be6+ Kh8 20. g4 Nb8 21. 0-0-0 b5 1/2-1/2

[Event "Regionalliga SW 9798"]
[Site "Bayern"]
[Date "1998.??.??"]
[Round "?.7"]
[White "Meltser, Valentin"]
[Black "Poehlmann, Philipp"]
[Result "0-1"]
[WhiteElo "2000"]
[BlackElo "1620"]
[PlyCount "104"]
[EventDate "1997.10.??"]
[EventType "team-tourn"]
[EventRounds "9"]
[EventCountry "GER"]
[SourceTitle "EXT 2020"]
[Source "ChessBase"]
[SourceDate "2019.10.17"]
[SourceVersion "1"]
[SourceVersionDate "2019.10.17"]
[SourceQuality "1"]
[WhiteTeam "Obermenzing"]
[BlackTeam "Muenchen 36 II"]
[WhiteTeamCountry "GER"]
[BlackTeamCountry "GER"]

1. e4 c5 2. Nf3 Nc6 3. d4 cxd4 4. Nxd4 Nf6 5. Nc3 d6 6. Bc4 g6 7. f3 Bg7 8. Be3 0-0 9. Bb3 Na5 10. Qd2 Nxb3 11. axb3 Bd7 12. h4 h5 13. Bh6 a6 14. Bxg7 Kxg7 15. 0-0-0 a5 16. Qg5 a4 17. bxa4 Ra5 18. Qe3 Bxa4 19. Nxa4 Rxa4 20. Nb3 Qc7 21. Kb1 Rfa8 22. Rhe1 Rc4 23. Rd2 Nd7 24. g4 hxg4 25. fxg4 Ne5 26. Qf4 Rc8 27. Ree2 Qb6 28. Rf2 Qxb3 29. Rxd6 exd6 30. cxb3 Rc1+ 31. Qxc1 Rxc1+ 32. Ka2 Nxg4 33. Rd2 Rc6 34. b4 Ne5 35. Rd5 Kf6 36. Kb3 Ke6 37. Rd1 Rc4 38. Rh1 Rxe4 39. h5 gxh5 40. Rxh5 Rg4 41. Rh6+ Rg6 42. Rh8 Kd7 43. Kc3 Rg3+ 44. Kd4 f5 45. Rf8 Ke6 46. Rb8 Rg7 47. Kc3 Kd5 48. Rf8 Rf7 49. Rh8 f4 50. Rh1 f3 51. Rd1+ Ke6 52. Rf1 Rc7+ 0-1

[Event "Regionalliga SW 9798"]
[Site "Bayern"]
[Date "1998.??.??"]
[Round "?.6"]
[White "Meltser, Valentin"]
[Black "Weinberger, Wolfgang"]
[Result "0-1"]
[WhiteElo "2000"]
[BlackElo "2015"]
[PlyCount "68"]
[EventDate "1997.10.??"]
[EventType "team-tourn"]
[EventRounds "9"]
[EventCountry "GER"]
[SourceTitle "EXT 2020"]
[Source "ChessBase"]
[SourceDate "2019.10.17"]
[SourceVersion "1"]
[SourceVersionDate "2019.10.17"]
[SourceQuality "1"]
[WhiteTeam "Obermenzing"]
[BlackTeam "Garching"]
[WhiteTeamCountry "GER"]
[BlackTeamCountry "GER"]

1. e4 e6 2. d4 d5 3. Nc3 Bb4 4. e5 Qd7 5. a3 Bxc3+ 6. bxc3 b6 7. Nf3 Ba6 8. Bxa6 Nxa6 9. Qd3 Nb8 10. 0-0 Nc6 11. Ng5 f6 12. exf6 gxf6 13. Nh3 0-0-0 14. a4 Na5 15. Re1 Nc4 16. Bf4 a5 17. f3 Re8 18. Nf2 Qf7 19. Ng4 Kb7 20. Ne3 Nxe3 21. Rxe3 Ne7 22. Qb5 h5 23. Qd7 e5 24. dxe5 Rd8 25. Qb5 Ng6 26. e6 Qg7 27. e7 Nxe7 28. Re6 Rhg8 29. g3 c6 30. Qe2 Ng6 31. Bd6 Qf7 32. Rb1 Rge8 33. Rxe8 Qxe8 34. Qf2 b5 0-1

[Event "Regionalliga SW 9798"]
[Site "Bayern"]
[Date "1998.??.??"]
[Round "?.7"]
[White "Wolf, Gerhard1111"]
[Black "Meltser, Valentin"]
[Result "1/2-1/2"]
[WhiteElo "2069"]
[BlackElo "2000"]
[PlyCount "102"]
[EventDate "1997.10.??"]
[EventType "team-tourn"]
[EventRounds "9"]
[EventCountry "GER"]
[SourceTitle "EXT 2020"]
[Source "ChessBase"]
[SourceDate "2019.10.17"]
[SourceVersion "1"]
[SourceVersionDate "2019.10.17"]
[SourceQuality "1"]
[WhiteTeam "Muenchen FC Bayern II"]
[BlackTeam "Obermenzing"]
[WhiteTeamCountry "GER"]
[BlackTeamCountry "GER"]

1. d4 Nf6 2. Nc3 g6 3. e4 d6 4. f4 Bg7 5. Nf3 0-0 6. Bd3 Bg4 7. h3 Bxf3 8. Qxf3 Nc6 9. Be3 e5 10. dxe5 dxe5 11. 0-0-0 Qe7 12. Qf2 b6 13. f5 Nb4 14. g4 Nxd3+ 15. Rxd3 Qb4 16. Qf3 gxf5 17. gxf5 Rad8 18. Bg5 Rxd3 19. Qxd3 c6 20. Rg1 Kh8 21. Bh4 Rg8 22. Kb1 b5 23. Qf3 a5 24. Qe2 Qd6 25. Rd1 Qb4 26. Rd3 a4 27. a3 Qe7 28. Qd2 Rb8 29. Na2 c5 30. Nc3 Qf8 31. Rd6 b4 32. Bxf6 Bxf6 33. Rxf6 bxc3 34. Qxc3 Qe7 35. Rc6 f6 36. Rxc5 Qb7 37. Rc4 Qd7 38. Rc7 Qb5 39. Rc8+ Rxc8 40. Qxc8+ Kg7 41. Qc3 Qf1+ 42. Ka2 Qg2 43. Qd3 Kh6 44. c4 Qf2 45. Qd5 Kg5 46. c5 Qc2 47. c6 Kf4 48. Qd6 Ke3 49. c7 Qc4+ 50. Kb1 Qf1+ 51. Kc2 Qc4+ 1/2-1/2

[Event "Regionalliga SW 9798"]
[Site "Bayern"]
[Date "1997.??.??"]
[Round "?.7"]
[White "Benedde, Guenter"]
[Black "Meltser, Valentin"]
[Result "1-0"]
[WhiteElo "2065"]
[BlackElo "2000"]
[PlyCount "75"]
[EventDate "1997.10.??"]
[EventType "team-tourn"]
[EventRounds "9"]
[EventCountry "GER"]
[SourceTitle "EXT 2020"]
[Source "ChessBase"]
[SourceDate "2019.10.17"]
[SourceVersion "1"]
[SourceVersionDate "2019.10.17"]
[SourceQuality "1"]
[WhiteTeam "Muenchen Suedost"]
[BlackTeam "Obermenzing"]
[WhiteTeamCountry "GER"]
[BlackTeamCountry "GER"]

1. d4 Nf6 2. c4 g6 3. Nc3 d5 4. cxd5 Nxd5 5. e4 Nxc3 6. bxc3 c5 7. Nf3 Bg7 8. Bb5+ Bd7 9. Bxd7+ Qxd7 10. 0-0 0-0 11. Be3 cxd4 12. cxd4 Nc6 13. Rc1 e6 14. Qd2 Rfc8 15. h3 b6 16. Rfd1 Na5 17. Qe2 Qa4 18. Qa6 Qd7 19. e5 Bf8 20. Ng5 Qb7 21. Qd3 Be7 22. Ne4 Qd5 23. Bg5 Bxg5 24. Nxg5 f6 25. Ne4 Qxa2 26. Nxf6+ Kg7 27. Qf3 Qb3 28. Qe4 Qb2 29. Qh4 h5 30. Qg5 Qe2 31. Re1 Rxc1 32. Rxc1 Nc4 33. g4 Qd2 34. Nxh5+ Kh7 35. Qe7+ Kh6 36. Qg7+ Kg5 37. Qf6+ Kh6 38. Rxc4 1-0

[Event "Regionalliga SW 9798"]
[Site "Bayern"]
[Date "1997.??.??"]
[Round "?.8"]
[White "Meltser, Valentin"]
[Black "Schuele, Herbert"]
[Result "0-1"]
[WhiteElo "2000"]
[BlackElo "1960"]
[PlyCount "66"]
[EventDate "1997.10.??"]
[EventType "team-tourn"]
[EventRounds "9"]
[EventCountry "GER"]
[SourceTitle "EXT 2020"]
[Source "ChessBase"]
[SourceDate "2019.10.17"]
[SourceVersion "1"]
[SourceVersionDate "2019.10.17"]
[SourceQuality "1"]
[WhiteTeam "Obermenzing"]
[BlackTeam "Lauingen"]
[WhiteTeamCountry "GER"]
[BlackTeamCountry "GER"]

1. e4 c5 2. Nf3 d6 3. d4 cxd4 4. Nxd4 Nf6 5. Nc3 Nc6 6. Bg5 e6 7. Qd2 Be7 8. 0-0-0 0-0 9. f3 a6 10. g4 Nxd4 11. Qxd4 Qa5 12. h4 b5 13. Kb1 Bb7 14. Be3 Rac8 15. h5 Ne8 16. Qd2 b4 17. Ne2 d5 18. Bg2 dxe4 19. fxe4 Nf6 20. e5 Bxg2 21. exf6 Bxf6 22. Rhg1 Be4 23. Rc1 Rfd8 24. Nd4 Bxd4 25. Bxd4 e5 26. Qg5 Rxd4 27. h6 Bg6 28. hxg7 Kxg7 29. Rh1 Qd5 30. Rcf1 Rf4 31. Rd1 Qe4 32. Rxh7+ Kxh7 33. Qh4+ Kg7 0-1